Sistemy KAMAK-VEKTOR /

Gespeichert in:
Bibliographische Detailangaben
1. Verfasser: Kuročkin, Sergej S (Verfasst von)
Format: Buch
Sprache:Russisch
Veröffentlicht: Moskva : Energoizdat, 1981
Tags: Tag hinzufügen
Keine Tags, Fügen Sie das erste Tag hinzu!

MARC

LEADER 00000nam a22000003a 4500
001 stu38403
005 20150617225725.3
008 921015s1981----xxr-----------------rus-d
040 |a STU  |b slo 
041 0 |a rus 
044 |a xxr 
100 1 |a Kuročkin, Sergej S  |4 aut 
245 1 |a Sistemy KAMAK-VEKTOR /  |c [aut.]Sergej S. Kuročkin 
260 |a Moskva :  |b Energoizdat,  |c 1981 
300 |a 231 s 
996 |b 284M055270  |c M*7239-1  |l MMKN  |s A  |a 24  |w stu38403_0001